Peptic ulcer healing : (Record no. 4389)
[ view plain ]
| 000 -LEADER | |
|---|---|
| fixed length control field | 00986nam a22002652 4500 |
| 003 - CONTROL NUMBER IDENTIFIER | |
| control field | ALUPE UNIVERSITY |
| 005 - DATE AND TIME OF LATEST TRANSACTION | |
| control field | 20220323074330.0 |
| 008 - FIXED-LENGTH DATA ELEMENTS--GENERAL INFORMATION | |
| fixed length control field | 840629s1978 enka b 001 0 eng d |
| 020 ## - INTERNATIONAL STANDARD BOOK NUMBER | |
| International Standard Book Number | 0852002300 |
| 040 ## - CATALOGING SOURCE | |
| Transcribing agency | ALUPE UNIVERSITY |
| 050 ## - LIBRARY OF CONGRESS CALL NUMBER | |
| Classification number | RC821 |
| Item number | .P47 1978 |
| 096 ## - LOCALLY ASSIGNED NLM-TYPE CALL NUMBER (OCLC) | |
| Classification number | WI 350 |
| 245 00 - TITLE STATEMENT | |
| Title | Peptic ulcer healing : |
| Remainder of title | recent studies on carbenoxolone / |
| Statement of responsibility, etc. | edited by Sir Francis Avery Jones, M. J. S. Langman, and R. D. Mann. |
| 260 ## - PUBLICATION, DISTRIBUTION, ETC. | |
| Place of publication, distribution, etc. | Lancaster : |
| Name of publisher, distributor, etc. | MTP, |
| Date of publication, distribution, etc. | c1978. |
| 300 ## - PHYSICAL DESCRIPTION | |
| Extent | xii, 151 p. : |
| Other physical details | ill. ; |
| Dimensions | 24 cm. |
| 504 ## - BIBLIOGRAPHY, ETC. NOTE | |
| Bibliography, etc. note | Includes bibliographies and index. |
| 650 #2 - SUBJECT ADDED ENTRY--TOPICAL TERM | |
| Topical term or geographic name entry element | Peptic Ulcer |
| General subdivision | drug therapy |
| -- | congresses. |
| 650 #2 - SUBJECT ADDED ENTRY--TOPICAL TERM | |
| Topical term or geographic name entry element | Triterpenes |
| General subdivision | therapeutic use |
| -- | congresses. |
| 650 #2 - SUBJECT ADDED ENTRY--TOPICAL TERM | |
| Topical term or geographic name entry element | Glycyrrhetinic Acid |
| General subdivision | therapeutic use |
| -- | congresses. |
| 700 1# - ADDED ENTRY--PERSONAL NAME | |
| Personal name | Jones, Francis Avery, |
| Titles and other words associated with a name | Sir. |
| 700 1# - ADDED ENTRY--PERSONAL NAME | |
| Personal name | Langman, M. J. S. |
| Fuller form of name | (Michael James Stratton) |
| 700 1# - ADDED ENTRY--PERSONAL NAME | |
| Personal name | Mann, Ronald D. |
| Fuller form of name | (Ronald David), |
| Dates associated with a name | 1928- |
| 942 ## - ADDED ENTRY ELEMENTS (KOHA) | |
| Source of classification or shelving scheme | |
| Koha item type | Book |
| Withdrawn status | Lost status | Source of classification or shelving scheme | Damaged status | Not for loan | Permanent Location | Current Location | Shelving location | Date acquired | Source of acquisition | Total Checkouts | Full call number | Barcode | Date last seen | Price effective from | Koha item type | Public note |
|---|---|---|---|---|---|---|---|---|---|---|---|---|---|---|---|---|
| AU LIBRARY | AU LIBRARY | Open Shelf | 23.03.2022 | DONATION FROM MOI UNIVERSITY | RC821 .P47 1978 | 28006320 | 23.03.2022 | 23.03.2022 | Book | WO |